000 00482nam a2200181Ia 4500
001 14135
005 20260306164852.0
008 260306t1998||||xx |||||||||||||| ||spa||
041 _aESP
082 _a507
_bR34
100 _aRed Iberoamericana de Indicadores de Ciencia y Tecnología
_eAUT
245 0 _aPrincipales indicadores de ciencia y tecnología
260 _c1998
300 _a239 páginas :
_c27 cm.
650 _aGEN
654 _aCCN
942 _cLIB
_dJUS
_fJUS
_2ddc
_n
999 _c14135
_d14135